000 00698nam a2200241 a 4500
001 000015825
003 DO-SdBNP
005 20240412074244.0
007 ta
008 100219s2009 dr r 000 p spa d
020 _a9789945420715
040 _aDO-SdBNP
_bspa
_cBNPHU
082 4 _aRD861.5
_bR789p
_222
100 1 _aRosario, Fari,
_d1981-
_935624
245 1 0 _aPolvo y olvido /
_cFari Rosario.
260 _aSanto Domingo :
_bÁngeles Fiero :
_bEditora Nacional,
_c2009.
300 _a86 p. ;
_c18 cm.
590 _aInventariado, 2019/BT
650 4 _aPoesía dominicana
_966
650 0 _aLiteratura dominicana.
_967
910 _aValidado. Control de calidad. MMOLINA
942 _2ddc
_cLBS1
999 _c15369
_d15369